000
00342nam a22001577a 4500
003
SGT
020
_a
978-81473-221-4
082
_a
611
_b
C17S
100
_a
SNELL, RICHARD S.
245
_a
CLINICAL NEUROANATOMY
250
_a
7TH
260
_a
INDIA
_b
WOLTERS KLUWER
_c
2017
300
_a
542
650
_a
ANATOMY
942
_2
ddc
_c
BK
_0
11
999
_c
15564
_d
15564